Aj mŕtvi majú svoje cesty (O knihách krvi, splatterpunku a pádoch do priepasti s grafikom Jurajom Maxonom)

Bibliographic Details
Main Authors: Maxon, Juraj, 1963- (Author), Cmiterský, Peter (Author)
Format: Article
Language:Slovak
PhysicalDescription:Fotogr. 2
Subjects:

MARC

LEADER 00000nab a2200000 a 4500
001 vtls000526798
003 SK-MaSNL
005 20260304091924.0
008 250425c1994 xo 0 slo
015 |a SNBRB19rr/mm-uuuuu 
035 |a CL0526936 
035 |a urn:nbn:sk:snk-abbon3 
035 |a (urnnbn)urn:nbn:sk:snk:ar-002m79 
035 |a (uuid)8f1160fc-354c-426f-89d2-f236942a75c2 
040 |a SNKBUCL  |b slo  |c SNKBUCL  |e AACR2 
041 0 |a slo 
044 |a xo  |c SK 
080 |a 76.071.1  |2 1981 
080 |a 791.43  |2 1981 
100 1 |a Maxon, Juraj,  |d 1963-  |4 aut  |9 197574 
245 1 0 |a Aj mŕtvi majú svoje cesty  |b (O knihách krvi, splatterpunku a pádoch do priepasti s grafikom Jurajom Maxonom)  |c Juraj Maxon, Peter Cmiterský 
300 |b Fotogr. 2 
600 1 7 |a Maxon, Juraj,  |d 1963-  |2 snkbucl  |9 197574 
650 0 7 |a splatterpunk (umel.)  |2 SNKPH  |9 1384926 
655 7 |a rozhovory  |2 snkbucl  |9 31831 
655 7 |a články z novín a časopisov  |2 snkbucl  |9 267496 
700 1 |a Cmiterský, Peter  |4 aut  |9 1189593 
773 0 |t Dotyky  |g Roč. 6, č. 6-7 (1994), s. 48-49 
850 |a Slovenská národná knižnica 
852 |a Slovenská národná knižnica 
958 |a article15 
958 |a RK 
958 |a OND 
958 |a EUIPO 
992 |a RBX 
999 |c 2817413  |d 2819343